Harry Potter - Statistics

General Stats
  • This quiz has been taken 44 times
  • The average score is 31 of 61
Answer Stats
first letters names % Correct
HP Harry Potter
100%
HG Hermione Granger
100%
FW Fred Weasley
93%
GW George Weasley
93%
GW Ginny Weasley
93%
RW Ronald Weasley
93%
CW Charly Weasley
90%
PW Percy Weasley
90%
BW Bill Weasley
88%
MW Molly Weasley
88%
NL Neville Longbottom
85%
VK Viktor Krum
85%
CD Cedric Diggory
80%
SS Severus Snape
78%
RH Rubeus Hagrid
71%
SB Sirius Black
71%
DM Draco Malfoy
66%
LM Lucius Malfoy
63%
LL Luna Lovegood
63%
FD Fleur Delacour
61%
IK Igor Karkaroff
61%
NM Narcissa Malfoy
61%
RL Remus Lupin
61%
XL Xenophilius Lovegood
59%
AW Arthur Weasley
51%
BL Bellatrix Lestrange
49%
DU Dolores Umbridge
49%
DD Dudley Dursley
49%
MM Minerva Mcgonagall
49%
AD Abelforth Dumbledore
46%
D Dobby
46%
SF Seamus Finnigan
46%
V Voldemort
44%
DT Dean Thomas
41%
FF Filius Flitwick
41%
GL Gilderoy Lockhart
41%
PD Petunia Dursley
41%
VD Vernon Dursley
41%
BZ Blaise Zabini
39%
F Firenze
39%
MD Marge Dursley
37%
NT Nymphadora Tonks
37%
A Aragog
34%
PP Padma Patil
34%
PP Parvati Patil
34%
W Winky
32%
SS Salazar Slytherin
29%
GG Godric Gryffindor
27%
HA Hannah Abbott
27%
PP Peter Pettigrew
27%
RR Rowena Ravenclaw
27%
G Grawp
24%
HR Helena Ravenclaw
24%
HH Helga Hufflepuff
24%
N Nagini
24%
OM Olympe Maxime
22%
NF Nicolas Flamel
15%
MG Merope Gaunt
12%
P Peeves
10%
OH Oliver Hood
7%
PP Pansy Parkison
2%
No matching quizzes found
Score Distribution
Percent of People with Each Score
Percentile by Number Answered
Your Score History
You have not taken this quiz